000 00676nam a2200205Ia 4500
003 IN-BaIIA
008 211028s9999 xx 000 0 eng d
020 _a07-059557-7
040 _cIIA Library
080 _a621.795
_bSUR
245 0 _aSurface preparation and finishes for metals
_ba manual covering the planning,operations and economics associated with modern metal finishing
_cedited by James A. Murphy
260 _aNew York
_bMcGraw-Hill
_c1971
300 _axvi, 493p.
490 _aMcGraw-Hill handbooks
650 _aMetal finishing
_96835
650 _aNASA thesaurus
650 _aSurface finishing
_97444
700 _aMurphy, James A., ed.
_97445
942 _cBK
999 _c4233
_d4233